[Event "Weekend Accademia Autunno"]
[Site "Roma ITA"]
[Date "2010.10.09"]
[Round "2"]
[White "Maggi, Luigi"]
[Black "Trebeschi, Andrea"]
[Result "1/2-1/2"]
[WhiteElo "1863"]
[BlackElo "2041"]
[PlyCount "131"]
[EventDate "2010.10.08"]

1. c4 e5 2. Nc3 d6 3. Nf3 f5 4. d4 e4 5. Ng5 Be7 6. Nh3 c6 7. Qb3 Na6 8. e3 Nc7
9. Be2 Nf6 10. Bd2 O-O 11. f4 Rb8 12. Qc2 Be6 13. b4 b5 14. c5 dxc5 15. dxc5
Nfd5 16. Rb1 Bf6 17. Kf2 Qe7 18. g3 Nxb4 19. Rxb4 Qxc5 20. Rb3 b4 21. Rc1 bxc3
22. Rxb8 Rxb8 23. Bxc3 Bxc3 24. Qxc3 Qxc3 25. Rxc3 Bd5 26. Rc2 Rb4 27. a3 Rb6
28. Ng1 Kf7 29. Bd1 Bb3 30. Rd2 Nd5 31. Ne2 Bxd1 32. Rxd1 Rb2 33. Rc1 Ne7 34.
h3 Ke6 35. g4 g6 36. g5 Kd6 37. h4 Nd5 38. Rc4 c5 39. Ke1 Nxe3 40. Ra4 Rb7 41.
Ra6+ Kd5 42. Kd2 Nc4+ 43. Kc3 Nd6 44. h5 gxh5 45. Ng3 h4 46. Nf1 h3 47. Ne3+
Ke6 48. Nc4 Rd7 49. Nxd6 Rxd6 50. Rxa7 Rd7 51. Ra6+ Kd5 52. Rh6 c4 53. Rxh3 Kc5
54. Rh6 Rd3+ 55. Kc2 Rf3 56. Rxh7 Rxf4 57. Rf7 Rf3 58. g6 Rxa3 59. Rxf5+ Kd4
60. Rg5 Ra2+ 61. Kc1 Ra8 62. g7 Rg8 63. Kc2 c3 64. Rg3 Ke5 65. Kxc3 Kf6 66. Kd4
1/2-1/2

[Event "Weekend Accademia Autunno"]
[Site "Roma ITA"]
[Date "2010.10.09"]
[Round "2"]
[White "Marelli, Emanuele"]
[Black "Bolla, Vittorio"]
[Result "0-1"]
[WhiteElo "1476"]
[BlackElo "1790"]
[PlyCount "120"]
[EventDate "2010.10.08"]

1. d4 Nf6 2. c4 c5 3. dxc5 Na6 4. Nc3 Nxc5 5. g3 b6 6. Bg2 Bb7 7. Nf3 e6 8. Bf4
d5 9. b4 Nce4 10. Qa4+ Qd7 11. Qxd7+ Nxd7 12. Nxe4 dxe4 13. Ng5 Bxb4+ 14. Kd1
Nc5 15. Kc2 h6 16. Nh3 O-O 17. Rhd1 Rfd8 18. Ng1 Rac8 19. Bd6 Na6 20. Bxb4
Nxb4+ 21. Kb3 Na6 22. e3 Nc5+ 23. Kc3 f5 24. Bf1 Ba6 25. Rd4 e5 26. Rd5 Rxd5
27. cxd5 Bxf1 28. Rxf1 Nd3+ 29. Kb3 Rc5 30. f4 Rxd5 31. fxe5 Rxe5 32. Ne2 g6
33. Nd4 h5 34. a4 a6 35. h4 Kf7 36. Nc6 Rc5 37. Nd4 Ke7 38. Ne2 Kf7 39. Nf4 Rc1
40. Rxc1 Nxc1+ 41. Kc4 Nd3 42. Nd5 Ne5+ 43. Kd4 Nd7 44. Nb4 a5 45. Nd5 Ke6 46.
Kc4 Ne5+ 47. Kd4 Nf3+ 48. Kc4 Nd2+ 49. Kd4 Nf1 50. Nxb6 Nxg3 51. Nc4 Ne2+ 52.
Kc5 Nc3 53. Nxa5 Nxa4+ 54. Kd4 Kf6 55. Nc4 g5 56. hxg5+ Kxg5 57. Nd2 Kg4 58.
Nf1 h4 59. Ke5 h3 60. Kd4 Kf3 0-1

[Event "Weekend Accademia Autunno"]
[Site "Roma ITA"]
[Date "2010.10.09"]
[Round "2"]
[White "Maurizio, Antonio"]
[Black "Maggi, Fabrizio"]
[Result "1/2-1/2"]
[WhiteElo "1886"]
[BlackElo "2130"]
[PlyCount "136"]
[EventDate "2010.10.08"]

1. c4 f5 2. d4 Nf6 3. Nf3 g6 4. g3 d6 5. Bg2 Bg7 6. O-O O-O 7. Nc3 Nc6 8. d5
Na5 9. Nd2 c5 10. Rb1 Bd7 11. a3 b6 12. b4 cxb4 13. axb4 Nxc4 14. Nxc4 Rc8 15.
Qb3 Qc7 16. Nxb6 axb6 17. Bd2 Ng4 18. Rfc1 Qc4 19. Qxc4 Rxc4 20. Nd1 Re8 21.
Ne3 Nxe3 22. Bxe3 b5 23. Bd2 Rec8 24. Bg5 Kf7 25. Bf3 Rxc1+ 26. Rxc1 Rxc1+ 27.
Bxc1 Bc3 28. Ba3 Kf6 29. e3 g5 30. h4 h6 31. hxg5+ hxg5 32. Kf1 f4 33. gxf4
gxf4 34. Ke2 Ke5 35. Kd3 Ba1 36. Kd2 Bf5 37. Be2 Bd7 38. Bf3 Be8 39. Bc1 Bf7
40. Be2 Bxd5 41. Bxb5 Bb7 42. Be2 f3 43. Bc4 d5 44. Bb5 d4 45. Kc2 Bc3 46. Bd2
Ba1 47. exd4+ Kxd4 48. Be3+ Ke5 49. Bd2 Bd4 50. Bc3 Bxc3 51. Kxc3 Kf4 52. Kd2
e5 53. Be8 e4 54. Bh5 Ba6 55. Ke1 Kg5 56. Be8 Bb7 57. Kd2 Kf4 58. Bh5 Bc6 59.
Ke1 Kg5 60. Bf7 Kh4 61. Kd2 Kg5 62. Ke3 Kf6 63. Bb3 Ke5 64. Bc2 Bd5 65. Bb1 Be6
66. Bc2 Bd5 67. Bb1 Be6 68. Bc2 Bd5 1/2-1/2

[Event "Weekend Accademia Autunno"]
[Site "Roma ITA"]
[Date "2010.10.09"]
[Round "2"]
[White "Pica, Livia"]
[Black "Milani, Patrizia"]
[Result "1-0"]
[WhiteElo "1698"]
[BlackElo "1416"]
[PlyCount "61"]
[EventDate "2010.10.08"]

1. d4 d5 2. Nf3 Bf5 3. e3 Nf6 4. Bd3 Be4 5. O-O h6 6. Ne5 Nbd7 7. f4 e6 8. Qe2
Qe7 9. b3 O-O-O 10. a4 Nxe5 11. fxe5 Bxd3 12. cxd3 Nh7 13. Nc3 f5 14. a5 Qb4
15. Qc2 Qe7 16. a6 Qb4 17. Bd2 Qb6 18. axb7+ Qxb7 19. Rfc1 Rd7 20. Ne2 Be7 21.
Nf4 Nf8 22. Ra4 g5 23. Nh5 Qb8 24. Nf6 Bxf6 25. exf6 Rhh7 26. Ra6 c5 27. Qxc5+
Rc7 28. Qxf8+ Kb7 29. Rxc7+ Rxc7 30. Qxb8+ Kxb8 31. Rxe6 1-0

[Event "Weekend Accademia Autunno"]
[Site "Roma ITA"]
[Date "2010.10.09"]
[Round "2"]
[White "Scagliarini, Bruno"]
[Black "Fargnoli, Maurizio"]
[Result "1/2-1/2"]
[WhiteElo "1906"]
[BlackElo "1678"]
[PlyCount "95"]
[EventDate "2010.10.08"]

1. c4 g6 2. d4 Bg7 3. Nf3 d6 4. g3 Nf6 5. Bg2 c5 6. O-O cxd4 7. Nxd4 O-O 8. Nc3
a6 9. e3 Qc7 10. b3 Bg4 11. Qd2 Nc6 12. h3 Be6 13. Bb2 Rad8 14. Nd5 Bxd5 15.
cxd5 Ne5 16. Rac1 Qb8 17. Rc2 Rc8 18. Rfc1 g5 19. Nf5 Ng6 20. Nxg7 Kxg7 21. f4
gxf4 22. exf4 e5 23. dxe6 fxe6 24. Qd4 Rxc2 25. Rxc2 e5 26. fxe5 dxe5 27. Qb6
Rf7 28. Qe6 Qd8 29. Qc4 h5 30. Qe2 Kh7 31. Kh2 Qe7 32. Bf3 h4 33. gxh4 e4 34.
Bxf6 Qd6+ 35. Kh1 exf3 36. Qxf3 Qxf6 37. Qxf6 Rxf6 38. Rc7+ Kh6 39. Rxb7 Nxh4
40. a4 Kh5 41. Kg1 Rf3 42. Rh7+ Kg5 43. Rg7+ Kf6 44. Ra7 Rxh3 45. Rxa6+ Kf7 46.
Rb6 Nf5 47. a5 Rh8 48. b4 1/2-1/2

[Event "Weekend Accademia Autunno"]
[Site "Roma ITA"]
[Date "2010.10.09"]
[Round "2"]
[White "Tosi, Francesco"]
[Black "Sacco, Davide"]
[Result "1-0"]
[WhiteElo "1824"]
[BlackElo "1482"]
[PlyCount "59"]
[EventDate "2010.10.08"]

1. Nf3 Nf6 2. c4 e6 3. d4 b6 4. g3 Bb7 5. Bg2 d5 6. O-O Be7 7. Nc3 O-O 8. Ne5
Nbd7 9. Qc2 a6 10. Kh1 c5 11. e3 Qc7 12. cxd5 exd5 13. f4 Rac8 14. a4 cxd4 15.
exd4 Bb4 16. Bd2 Ne4 17. Rac1 Qd6 18. Qd3 f5 19. Nxe4 dxe4 20. Qb3+ Bd5 21.
Qxb4 Qe6 22. h4 Nxe5 23. dxe5 e3 24. Bxe3 Bxg2+ 25. Kxg2 Qd5+ 26. Kh2 b5 27.
axb5 axb5 28. Qd4 Qb3 29. Rxc8 Rxc8 30. Rd1 1-0

[Event "Weekend Accademia Autunno"]
[Site "Roma ITA"]
[Date "2010.10.09"]
[Round "2"]
[White "Vannelli, Vittorio"]
[Black "Condemi De Felice, Alfonso"]
[Result "0-1"]
[WhiteElo "1761"]
[BlackElo "1907"]
[PlyCount "64"]
[EventDate "2010.10.08"]

1. e4 g6 2. d4 Bg7 3. Nf3 d6 4. Bc4 Nf6 5. Nc3 O-O 6. Qe2 c6 7. e5 Nd5 8. Bxd5
cxd5 9. Nxd5 dxe5 10. c4 e6 11. Nb4 exd4 12. O-O Nc6 13. Nxc6 bxc6 14. Bf4 f6
15. Qe4 Qd7 16. Rfd1 e5 17. Bd2 Bb7 18. c5 Rfe8 19. Rac1 Rad8 20. Ba5 Qd5 21.
Qc2 Rd7 22. Qd2 f5 23. Qg5 Qf7 24. Qh4 Qe7 25. Qh3 e4 26. Ne1 f4 27. Qh4 Rf8
28. f3 e3 29. Nd3 e2 30. Re1 Qe3+ 31. Nf2 d3 32. Qh3 Qxf2+ 0-1

[Event "Weekend Accademia Autunno"]
[Site "Roma ITA"]
[Date "2010.10.09"]
[Round "3"]
[White "Bolla, Vittorio"]
[Black "Capitelli, Paolo"]
[Result "0-1"]
[WhiteElo "1790"]
[BlackElo "2128"]
[PlyCount "112"]
[EventDate "2010.10.08"]

1. e4 c5 2. Nf3 e6 3. c3 d5 4. exd5 Qxd5 5. d4 Nf6 6. Be2 Be7 7. O-O O-O 8. c4
Qd8 9. Nc3 Nc6 10. d5 exd5 11. Nxd5 Nxd5 12. cxd5 Nb4 13. Bc4 Bf5 14. Ne1 Be4
15. Be3 Bxd5 16. Bxd5 Nxd5 17. Bd2 Bf6 18. Qc2 Rc8 19. Nf3 Qb6 20. Qe4 Qe6 21.
Qxe6 fxe6 22. Rfe1 Rfe8 23. Ne5 Nb4 24. Bxb4 cxb4 25. f4 Rc2 26. Rab1 Rd8 27.
Red1 Rxd1+ 28. Rxd1 Bxe5 29. Rd8+ Kf7 30. fxe5 Rxb2 31. Rd7+ Kg6 32. Rxb7 a5
33. g4 Re2 34. h4 Rxe5 35. h5+ Kf6 36. Kf2 Rc5 37. Kf3 h6 38. Ra7 Rc3+ 39. Ke4
Ra3 40. Ra8 Rxa2 41. Rf8+ Ke7 42. Rb8 Re2+ 43. Kf3 Rb2 44. Ra8 Ra2 45. Rb8 Ra3+
46. Kf4 Rc3 47. Ke5 Rc5+ 48. Kf4 Kf7 49. Rb7+ Kf6 50. Rb8 Rc4+ 51. Kf3 a4 52.
Rf8+ Ke7 53. Rh8 b3 54. Rb8 Rc3+ 55. Ke4 a3 56. Kd4 Rg3 0-1

[Event "Weekend Accademia Autunno"]
[Site "Roma ITA"]
[Date "2010.10.09"]
[Round "3"]
[White "Caporale, Giuseppe Guido"]
[Black "Figus, Maurizio"]
[Result "0-1"]
[WhiteElo "1782"]
[BlackElo "1920"]
[PlyCount "53"]
[EventDate "2010.10.08"]

1. e4 c5 2. Nf3 Nc6 3. d4 cxd4 4. c3 Nf6 5. e5 Nd5 6. cxd4 d6 7. Be2 g6 8. O-O
Bg7 9. Bb5 O-O 10. Re1 Bg4 11. h3 Bxf3 12. Qxf3 Qa5 13. Nc3 Nxc3 14. Bxc6 bxc6
15. Bd2 Qd5 16. Qxc3 c5 17. dxc5 Bxe5 18. Qc2 dxc5 19. Rad1 Bd4 20. Bf4 Qxa2
21. Be5 Bxe5 22. Rxe5 Rab8 23. Rd2 c4 24. Rxe7 a5 25. Qc3 a4 26. Re4 Qb1+ 27.
Kh2 0-1

[Event "Weekend Accademia Autunno"]
[Site "Roma ITA"]
[Date "2010.10.09"]
[Round "3"]
[White "Carnicelli, Valerio"]
[Black "Vannelli, Vittorio"]
[Result "1/2-1/2"]
[WhiteElo "1880"]
[BlackElo "1761"]
[PlyCount "132"]
[EventDate "2010.10.08"]

1. e4 c5 2. Nf3 Nc6 3. d4 cxd4 4. Nxd4 d6 5. Nc3 Nf6 6. f3 g6 7. Be3 Bg7 8. Bc4
Bd7 9. Qd2 Rc8 10. Bb3 Na5 11. O-O-O Nxb3+ 12. axb3 Qa5 13. Kb1 O-O 14. h4 Rfe8
15. g4 Bxg4 16. fxg4 Nxg4 17. Rhg1 Nxe3 18. Qxe3 Rc5 19. Nf5 Rxc3 20. Nh6+ Bxh6
21. Qxc3 Qb6 22. h5 Bg7 23. Qc4 e6 24. hxg6 hxg6 25. Qd3 Be5 26. Rdf1 Qd4 27.
Qxd4 Bxd4 28. Rg3 Kg7 29. c3 Be5 30. Rg2 Rh8 31. Kc2 Rh4 32. Ra1 a6 33. Re2 f5
34. exf5 exf5 35. b4 Kf6 36. Kb3 g5 37. Ka4 g4 38. Ka5 f4 39. Kb6 f3 40. Rf2
Rh7 41. Raf1 Kg5 42. Rxf3 gxf3 43. Rxf3 Kg4 44. Rf8 Rh2 45. Kxb7 Rxb2 46. Kxa6
Bxc3 47. b5 Bd4 48. Rb8 Kf4 49. Rf8+ Ke4 50. Re8+ Kd5 51. Rg8 Ra2+ 52. Kb7 Rb2
53. Ka6 Ra2+ 54. Kb7 Ra7+ 55. Kb8 Ra5 56. Rg5+ Kc4 57. Kc7 d5 58. b6 Rc5+ 59.
Kb8 Rb5 60. b7 Be3 61. Rg4+ d4 62. Kc7 Kc3 63. b8=Q Rxb8 64. Kxb8 d3 65. Rg2 d2
66. Rxd2 Kxd2 1/2-1/2

[Event "Weekend Accademia Autunno"]
[Site "Roma ITA"]
[Date "2010.10.09"]
[Round "3"]
[White "Ceccarelli, Lucio"]
[Black "Iacoacci, Giancarlo"]
[Result "0-1"]
[WhiteElo "1554"]
[BlackElo "1824"]
[PlyCount "56"]
[EventDate "2010.10.08"]

1. b4 e5 2. b5 Nf6 3. Bb2 d6 4. Nf3 Be7 5. e3 a6 6. c4 axb5 7. cxb5 h6 8. Be2
Be6 9. a4 O-O 10. O-O c6 11. Nc3 Nbd7 12. Qc2 Nc5 13. d4 Bb3 14. Qb1 exd4 15.
Nxd4 Qc7 16. a5 Be6 17. Nxe6 Nxe6 18. Qa2 d5 19. Rfc1 Bb4 20. a6 Rfc8 21. Bf3
Ng5 22. Bxd5 Bxc3 23. Rxc3 Nxd5 24. Qxd5 cxd5 25. Rxc7 Rxc7 26. b6 Rc6 27. axb7
Rxa1+ 28. Bxa1 Rxb6 0-1

[Event "Weekend Accademia Autunno"]
[Site "Roma ITA"]
[Date "2010.10.09"]
[Round "3"]
[White "Condemi De Felice, Alfonso"]
[Black "Chiaretti, Roberto"]
[Result "0-1"]
[WhiteElo "1907"]
[BlackElo "2188"]
[PlyCount "79"]
[EventDate "2010.10.08"]

1. d4 Nf6 2. Nf3 e6 3. c4 c5 4. e3 d5 5. Nc3 Nc6 6. Bd3 dxc4 7. Bxc4 a6 8. O-O
b5 9. Be2 Bb7 10. b3 Qc7 11. Bb2 Rd8 12. Rc1 Bd6 13. h3 O-O 14. Qc2 cxd4 15.
Nxd4 Nxd4 16. exd4 Bh2+ 17. Kh1 Bf4 18. Nxb5 Qxc2 19. Rxc2 axb5 20. Bxb5 Ra8
21. a4 Rfc8 22. Bd3 Bd5 23. Rxc8+ Rxc8 24. b4 Be4 25. Rd1 Bxd3 26. Rxd3 Ne4 27.
Kg1 Rc2 28. Rb3 Nd2 29. Rc3 Rxc3 30. Bxc3 Ne4 31. Bb2 Bd2 32. a5 Nd6 33. a6 Nb5
34. Ba3 Bc3 35. Kf1 Bxd4 36. Bc1 Kf8 37. Ke2 Ke7 38. f3 Kd6 39. Kd3 Kd5 40. Bd2
0-1

[Event "Weekend Accademia Autunno"]
[Site "Roma ITA"]
[Date "2010.10.09"]
[Round "3"]
[White "Di Giulio, Michele"]
[Black "Lami, Damiano"]
[Result "0-1"]
[WhiteElo "1669"]
[BlackElo "1652"]
[PlyCount "98"]
[EventDate "2010.10.08"]

1. d4 Nf6 2. c4 c5 3. e3 e6 4. Nf3 Be7 5. Bd3 Na6 6. a3 O-O 7. O-O Nc7 8. Qc2
cxd4 9. exd4 b6 10. Bg5 h6 11. Bh4 Bb7 12. Nbd2 d5 13. c5 bxc5 14. dxc5 Rc8 15.
b4 Bc6 16. Ne5 Qe8 17. Ndf3 Ba4 18. Qe2 Nd7 19. Bg3 Bf6 20. Rac1 Nxe5 21. Nxe5
Bxe5 22. Bxe5 f6 23. Bd6 Rf7 24. Bg6 Bb5 25. Bd3 Bxd3 26. Qxd3 Qb5 27. Qc2 Ne8
28. Bg3 e5 29. Rfd1 Rd7 30. Qd3 Qxd3 31. Rxd3 Nc7 32. Rcd1 Rcd8 33. Kf1 g5 34.
Ke2 a6 35. f3 Kf7 36. Bf2 d4 37. g3 Nb5 38. f4 Nc3+ 39. Rxc3 dxc3 40. Rxd7+
Rxd7 41. Be3 c2 42. c6 Rd1 43. a4 c1=Q 44. Bxc1 Rxc1 45. b5 axb5 46. axb5 Rc5
47. Kd3 Rxb5 48. Kc4 Rb1 49. Kc5 Rc1+ 0-1

[Event "Weekend Accademia Autunno"]
[Site "Roma ITA"]
[Date "2010.10.09"]
[Round "3"]
[White "Fargnoli, Maurizio"]
[Black "Maurizio, Antonio"]
[Result "1-0"]
[WhiteElo "1678"]
[BlackElo "1886"]
[PlyCount "76"]
[EventDate "2010.10.08"]

1. e4 e6 2. d4 d5 3. Nd2 Nf6 4. e5 Nfd7 5. f4 c5 6. c3 Nc6 7. Ngf3 cxd4 8. Nxd4
Be7 9. Be2 a6 10. N2b3 Nc5 11. O-O O-O 12. Be3 Nxd4 13. Bxd4 b6 14. Nd2 Qc7 15.
b4 Nd7 16. Bd3 f5 17. Rf3 Qd8 18. Rh3 Qe8 19. Kh1 a5 20. Bb5 axb4 21. Bc6 Rb8
22. cxb4 Bxb4 23. Nb3 Qe7 24. Rc1 Nc5 25. Bxc5 Bxc5 26. Rcc3 Ba6 27. Rxh7 Qf7
28. Rch3 Qg6 29. Bxd5 Kf7 30. R3h6 Qxh6 31. Rxh6 gxh6 32. Qh5+ Ke7 33. Bc6 Rf7
34. Qh4+ Kf8 35. Qxh6+ Kg8 36. Qxe6 Bf8 37. Be8 Rbb7 38. Bxf7+ Rxf7 1-0

[Event "Weekend Accademia Autunno"]
[Site "Roma ITA"]
[Date "2010.10.09"]
[Round "3"]
[White "Iandolo, Marco"]
[Black "Battistelli, Alessandro"]
[Result "1-0"]
[WhiteElo "1941"]
[BlackElo "1862"]
[PlyCount "54"]
[EventDate "2010.10.08"]

1. Nf3 Nf6 2. g3 g6 3. b4 Bg7 4. Bb2 O-O 5. Bg2 d6 6. O-O e5 7. c4 c6 8. d3 Nh5
9. Nc3 Be6 10. e4 Qd7 11. Nh4 Bf6 12. Nf3 Bh3 13. Nd2 Bg7 14. f4 exf4 15. gxf4
Bd4+ 16. Kh1 Bxg2+ 17. Kxg2 f5 18. exf5 Qxf5 19. Nde4 Nxf4+ 20. Kh1 Qh3 21. Qd2
Be3 22. Qc2 Na6 23. a3 Rf5 24. Ng3 Rg5 25. Nce4 Nh5 26. Nxh5 Rxh5 27. Nf6+ Kf8
1-0

[Event "Weekend Accademia Autunno"]
[Site "Roma ITA"]
[Date "2010.10.09"]
[Round "3"]
[White "Maggi, Fabrizio"]
[Black "Maggi, Luigi"]
[Result "1-0"]
[WhiteElo "2130"]
[BlackElo "1863"]
[PlyCount "91"]
[EventDate "2010.10.08"]

1. e4 e6 2. d4 d5 3. Nc3 Bb4 4. e5 c5 5. a3 Bxc3+ 6. bxc3 Ne7 7. h4 Nbc6 8. h5
Qa5 9. Bd2 cxd4 10. cxd4 Qa4 11. Nf3 Nxd4 12. Bd3 Nec6 13. Kf1 Nf5 14. Kg1 h6
15. Rb1 a6 16. Rh3 b5 17. Bxf5 exf5 18. Rg3 Be6 19. Rxg7 O-O-O 20. Qc1 Rdg8 21.
Bxh6 Rxg7 22. Bxg7 Rxh5 23. Qd2 d4 24. Rd1 Bd5 25. e6 fxe6 26. Qf4 d3 27. Qxa4
bxa4 28. Rxd3 Rh7 29. Bf6 Rd7 30. Rc3 Kb7 31. Ne5 Rc7 32. Nd3 Na5 33. Nc5+ Kc8
34. Nxa6 Rxc3 35. Bxc3 Nc4 36. Bb4 e5 37. f3 Nb6 38. Kf2 Kb7 39. Nc5+ Kc8 40.
g4 fxg4 41. fxg4 Bc6 42. g5 Nd7 43. Ne6 Bd5 44. Ng7 Bf7 45. Nf5 Bg6 46. Ne7+
1-0

[Event "Weekend Accademia Autunno"]
[Site "Roma ITA"]
[Date "2010.10.09"]
[Round "3"]
[White "Milani, Patrizia"]
[Black "Marelli, Emanuele"]
[Result "1/2-1/2"]
[WhiteElo "1416"]
[BlackElo "1476"]
[PlyCount "85"]
[EventDate "2010.10.08"]

1. e4 c5 2. Nc3 d6 3. Nf3 Nf6 4. Bc4 g6 5. Ng5 e6 6. d3 Bg7 7. Qf3 O-O 8. O-O
Nc6 9. Ne2 Ne5 10. Qe3 Nxc4 11. dxc4 Bh6 12. Qh3 Nh5 13. Nxf7 Rxf7 14. Bxh6 e5
15. Qe3 Nf6 16. Bg5 Be6 17. b3 h6 18. Bh4 g5 19. Bg3 Qe7 20. h3 Raf8 21. Bh2
Nh5 22. Ng3 Nf4 23. Ne2 a5 24. a4 b6 25. Rae1 Qd7 26. Nxf4 exf4 27. Qf3 g4 28.
hxg4 Bxg4 29. Qd3 Rg7 30. e5 Bh3 31. e6 Rxg2+ 32. Kh1 Qc6 33. Qd5 Qxd5 34. cxd5
Rxh2+ 35. Kxh2 Bxf1 36. Rxf1 Rf5 37. c4 Kf8 38. Kg2 Ke7 39. Rh1 h5 40. Kf3 Kf6
41. Re1 Re5 42. Rh1 Rf5 43. Re1 1/2-1/2

[Event "Weekend Accademia Autunno"]
[Site "Roma ITA"]
[Date "2010.10.09"]
[Round "3"]
[White "Nazzarri, Errico"]
[Black "Tosi, Francesco"]
[Result "0-1"]
[WhiteElo "1383"]
[BlackElo "1824"]
[PlyCount "53"]
[EventDate "2010.10.08"]

1. e4 c6 2. Nc3 d5 3. d4 dxe4 4. Nxe4 Nf6 5. Bd3 Nbd7 6. f4 Nxe4 7. Bxe4 Nf6 8.
Qd3 g6 9. Ne2 Bg7 10. c3 O-O 11. O-O Qb6 12. b4 a5 13. Ba3 a4 14. Bc1 Nxe4 15.
Qxe4 Bf5 16. Qf3 h6 17. Be3 Qb5 18. Qf2 Bd3 19. Rfe1 Rad8 20. a3 Bf6 21. h4 Qf5
22. g3 Qg4 23. Qg2 Be4 24. Qh2 Rd6 25. f5 Bf3 26. fxg6 Bxe2 27. Rxe2 0-1

[Event "Weekend Accademia Autunno"]
[Site "Roma ITA"]
[Date "2010.10.09"]
[Round "3"]
[White "Passeri, Marco"]
[Black "Scagliarini, Bruno"]
[Result "0-1"]
[WhiteElo "1434"]
[BlackElo "1906"]
[PlyCount "96"]
[EventDate "2010.10.08"]

1. d4 e6 2. Nf3 Nf6 3. e3 c5 4. Bd3 Nc6 5. O-O d5 6. b3 Be7 7. Bb2 O-O 8. Nbd2
b6 9. Ne5 Nxe5 10. dxe5 Nd7 11. f4 f5 12. Rf3 Bb7 13. Rh3 g6 14. g4 Rf7 15.
gxf5 gxf5 16. Qh5 Rg7+ 17. Kf2 Qe8 18. Qh6 Qg6 19. Qxg6 Rxg6 20. Rg1 Rxg1 21.
Kxg1 Nf8 22. Nf3 Re8 23. c4 Rd8 24. Rg3+ Kf7 25. Bc3 dxc4 26. Bxc4 Rd1+ 27. Kf2
Rc1 28. Bd2 Rc2 29. Ke2 Rxa2 30. Ng5+ Bxg5 31. fxg5 Be4 32. Bd3 Bxd3+ 33. Kxd3
Ng6 34. Bc3 Rxh2 35. Kc4 a6 36. b4 Rh4+ 37. Kb3 cxb4 38. Bd4 b5 39. Kxb4 Nxe5
40. Kc5 Nd3+ 41. Kb6 e5 42. Bc5 Nxc5 43. Kxc5 Rg4 44. Rh3 Kg6 45. Rh6+ Kxg5 46.
Rxh7 Ra4 47. Re7 Kf6 48. Rd7 f4 0-1

[Event "Weekend Accademia Autunno"]
[Site "Roma ITA"]
[Date "2010.10.09"]
[Round "3"]
[White "Pica, Livia"]
[Black "Carola, Paolo"]
[Result "1/2-1/2"]
[WhiteElo "1698"]
[BlackElo "1904"]
[PlyCount "53"]
[EventDate "2010.10.08"]

1. d4 d5 2. Nf3 Nf6 3. e3 Bf5 4. Bd3 Bg6 5. Qe2 Nbd7 6. Nbd2 e6 7. c3 Ne4 8.
O-O Be7 9. Bb1 O-O 10. c4 c6 11. c5 b6 12. b4 bxc5 13. bxc5 Bf6 14. Nxe4 dxe4
15. Nd2 Nxc5 16. Ba3 Na6 17. Nxe4 Be7 18. Bxe7 Qxe7 19. Rc1 Rab8 20. Qf3 Qa3
21. Bc2 Rb2 22. Bb3 Rb8 23. h4 h6 24. h5 Bh7 25. Qf4 Rd8 26. Qg4 Kh8 27. Qf4
1/2-1/2

[Event "Weekend Accademia Autunno"]
[Site "Roma ITA"]
[Date "2010.10.09"]
[Round "3"]
[White "Quimi, Marco"]
[Black "Prudenzano, Ruggero"]
[Result "1/2-1/2"]
[WhiteElo "2195"]
[BlackElo "1929"]
[PlyCount "108"]
[EventDate "2010.10.08"]

1. d4 Nf6 2. Nf3 c5 3. e3 d5 4. Bd3 Nc6 5. c3 cxd4 6. exd4 g6 7. O-O Bg7 8.
Nbd2 O-O 9. Re1 Re8 10. Qe2 Bg4 11. h3 Bxf3 12. Nxf3 e6 13. Bg5 Qc7 14. Ne5 Nd7
15. Ng4 f6 16. Bh6 Bxh6 17. Nxh6+ Kg7 18. Ng4 h5 19. Ne3 Nf8 20. Qf3 Rac8 21.
Re2 Nd8 22. Nxd5 Qf7 23. Nf4 Nc6 24. Rae1 e5 25. Bxg6 Nxg6 26. Nxh5+ Kh8 27. d5
Nb8 28. Qxf6+ Qxf6 29. Nxf6 Rf8 30. Ng4 Nd7 31. g3 Rc5 32. Rd1 b5 33. a3 a5 34.
h4 Rg8 35. f3 Ne7 36. Nxe5 Nxe5 37. Rxe5 Rxg3+ 38. Kf2 Rg7 39. Rd4 Nc8 40. Re8+
Kh7 41. Rd8 Nb6 42. d6 Nd7 43. Ra8 a4 44. Ra7 Rf7 45. Kg3 Rcf5 46. f4 Rg7+ 47.
Kh3 Rf6 48. Rb7 Rfg6 49. Rd3 Rg1 50. Rd2 Rh1+ 51. Rh2 Rhg1 52. Re2 Rh1+ 53. Rh2
Rhg1 54. Re2 Rh1+ 1/2-1/2

[Event "Weekend Accademia Autunno"]
[Site "Roma ITA"]
[Date "2010.10.09"]
[Round "3"]
[White "Trebeschi, Andrea"]
[Black "De Santis, Emilio"]
[Result "1-0"]
[WhiteElo "2041"]
[BlackElo "1875"]
[PlyCount "46"]
[EventDate "2010.10.08"]

1. e4 e6 2. Qe2 d6 3. Nf3 c5 4. g3 Nc6 5. Bg2 Nf6 6. O-O Be7 7. c3 O-O 8. d4 d5
9. e5 Nd7 10. Be3 Rb8 11. Nbd2 b5 12. h4 h6 13. Nh2 cxd4 14. cxd4 Ba6 15. Rfe1
Qb6 16. Qg4 Kh7 17. Bxd5 f5 18. exf6 Nxf6 19. Qxe6 Nxd4 20. Be4+ Nxe4 21. Qxe4+
Qg6 22. Qxg6+ Kxg6 23. Bxd4 Rbd8 1-0

[Event "Weekend Accademia Autunno"]
[Site "Roma ITA"]
[Date "2010.10.10"]
[Round "4"]
[White "Capitelli, Paolo"]
[Black "Fargnoli, Maurizio"]
[Result "1-0"]
[WhiteElo "2128"]
[BlackElo "1678"]
[PlyCount "41"]
[EventDate "2010.10.08"]

1. e4 e5 2. Nf3 d6 3. Bc4 Be6 4. Bxe6 fxe6 5. d4 exd4 6. Nxd4 e5 7. Ne6 Qd7 8.
Nxf8 Kxf8 9. O-O Nf6 10. Nc3 Nc6 11. f4 Ke7 12. Nd5+ Nxd5 13. exd5 Nd4 14. c3
Nf5 15. fxe5 dxe5 16. Bg5+ Kd6 17. Qg4 Raf8 18. Qb4+ c5 19. dxc6+ Kxc6 20. Qc4+
Kb6 21. Rxf5 1-0

[Event "Weekend Accademia Autunno"]
[Site "Roma ITA"]
[Date "2010.10.10"]
[Round "4"]
[White "Chiaretti, Roberto"]
[Black "Quimi, Marco"]
[Result "1-0"]
[WhiteElo "2188"]
[BlackElo "2195"]
[PlyCount "65"]
[EventDate "2010.10.08"]

1. e4 c5 2. Nf3 Nc6 3. Nc3 g6 4. d4 cxd4 5. Nxd4 Bg7 6. Be3 Nf6 7. Bc4 O-O 8.
Bb3 a5 9. f3 d5 10. exd5 Nb4 11. Nde2 a4 12. Nxa4 Nfxd5 13. Bf2 Bf5 14. a3 b5
15. axb4 Nxb4 16. Nac3 Rxa1 17. Qxa1 Bxc2 18. O-O Bxb3 19. Qa3 Bc4 20. Qxb4
Bxc3 21. Nxc3 Bxf1 22. Kxf1 Qd3+ 23. Kg1 Ra8 24. h4 Qd2 25. Bc5 Qe1+ 26. Kh2
Qc1 27. Bxe7 Qe1 28. Qd6 Re8 29. Nd5 g5 30. Qh6 Qe5+ 31. f4 Qf5 32. Bf6 Qg6 33.
Ne7+ 1-0

[Event "Weekend Accademia Autunno"]
[Site "Roma ITA"]
[Date "2010.10.10"]
[Round "4"]
[White "De Santis, Emilio"]
[Black "Pica, Livia"]
[Result "1-0"]
[WhiteElo "1875"]
[BlackElo "1698"]
[PlyCount "97"]
[EventDate "2010.10.08"]

1. d4 d5 2. Nf3 Nf6 3. c4 c6 4. e3 Bg4 5. Nbd2 Nbd7 6. h3 Bh5 7. Bd3 e5 8. cxd5
cxd5 9. dxe5 Nxe5 10. Qa4+ Nc6 11. Nd4 Qd6 12. a3 Be7 13. Nf5 Qe5 14. Nxg7+ Kf8
15. Nxh5 Qxh5 16. Qf4 Rg8 17. Rg1 Qe5 18. Qxe5 Nxe5 19. Be2 Rc8 20. Nf3 Bd6 21.
Bd2 Ne4 22. Nxe5 Bxe5 23. Bb4+ Kg7 24. f3 Ng3 25. Rd1 Nxe2 26. Kxe2 Rc2+ 27.
Rd2 Rxb2 28. Rc1 Rxd2+ 29. Kxd2 Kf6 30. g4 Ke6 31. f4 Bb8 32. Kd3 f5 33. g5 Rg6
34. Rc8 Bd6 35. Bxd6 Kxd6 36. Rf8 Ke6 37. Re8+ Kd6 38. Re5 Rxg5 39. Kd4 Rg7 40.
Rxf5 Ke6 41. Rxd5 Rd7 42. Rxd7 Kxd7 43. e4 b5 44. f5 Ke7 45. e5 a5 46. Kc5 b4
47. axb4 a4 48. Kc4 h6 49. b5 1-0

[Event "Weekend Accademia Autunno"]
[Site "Roma ITA"]
[Date "2010.10.10"]
[Round "4"]
[White "Figus, Maurizio"]
[Black "Iacoacci, Giancarlo"]
[Result "1-0"]
[WhiteElo "1920"]
[BlackElo "1824"]
[PlyCount "31"]
[EventDate "2010.10.08"]

1. e4 c6 2. d3 d5 3. Nd2 dxe4 4. dxe4 g6 5. Bc4 Bg7 6. Ngf3 e6 7. Qe2 Nf6 8. e5
Nd5 9. Ne4 O-O 10. Bg5 Qc7 11. Nf6+ Kh8 12. h4 Nd7 13. Bxd5 exd5 14. h5 Nc5 15.
hxg6 Bxf6 16. Bxf6+ 1-0

[Event "Weekend Accademia Autunno"]
[Site "Roma ITA"]
[Date "2010.10.10"]
[Round "4"]
[White "Lami, Damiano"]
[Black "Carnicelli, Valerio"]
[Result "1/2-1/2"]
[WhiteElo "1652"]
[BlackElo "1880"]
[PlyCount "42"]
[EventDate "2010.10.08"]

1. e4 e5 2. Nf3 Nc6 3. Bb5 a6 4. Bxc6 dxc6 5. O-O f6 6. d4 Bg4 7. dxe5 Qxd1 8.
Rxd1 fxe5 9. Bg5 Bxf3 10. gxf3 Be7 11. f4 h6 12. Bxe7 Nxe7 13. f5 Nc8 14. f3
Nd6 15. b3 O-O-O 16. Nc3 Nb5 17. Nxb5 axb5 18. Kf2 c5 19. Ke2 c6 20. Rxd8+ Rxd8
21. Rd1 Rf8 1/2-1/2